[Event "Dortmund SuperGM 23rd"]
[Site "Dortmund"]
[Date "1995.07.22"]
[Round "8"]
[White "Leko, Peter"]
[Black "Karpov, Anatoly"]
[Result "1/2-1/2"]
[WhiteElo "2605"]
[BlackElo "2775"]
[Annotator "Leko,P"]
[PlyCount "111"]
[EventDate "1995.07.14"]
[EventType "tourn"]
[EventRounds "9"]
[EventCountry "GER"]
[EventCategory "17"]
[SourceTitle "CBM 048"]
[Source "ChessBase"]
[SourceDate "1995.10.01"]
[SourceVersion "1"]
[SourceVersionDate "1995.10.01"]
[SourceQuality "1"]

{A game against Karpov is always something special. I prepared thorougly on
this game, because I wanted to play an interesting variation.} 1. e4 {Blatny,P
Von Gleich} c6 2. d4 d5 3. Nc3 dxe4 4. Nxe4 Nd7 5. Ng5 Ngf6 6. Bd3 e6 7. N1f3
Bd6 8. Qe2 h6 9. Ne4 Nxe4 10. Qxe4 Nf6 {This is clearly better than 10...Qc7
11.Qg4, which led to better play for white in Kasparov- Kamski, Linares 1994.}
(10... Qc7 {Blatny,P} 11. Qg4 $1 g5 12. Qh3 Rg8 (12... Bf4 13. O-O Bxc1 14.
Raxc1 Qf4 15. Rce1 b6 (15... g4 16. Qh4) 16. Re4 Qf6 17. Rfe1 {/\18.Rxe6} Kd8
18. Qg3 $16 {Benjamin,J-Andruet,G Paris 1989}) 13. Nd2 $1 (13. Qxh6 $2 Bf8 14.
Qh7 Nf6 15. Qh3 g4 $19) 13... Bf8 14. Ne4 Bg7 15. O-O $1 (15. c3 c5 16. O-O b6
$132 {/\17...Bb7,18...0-0-0}) 15... Bxd4 (15... b6 16. f4 $1 $40) 16. Be3 $1
Be5 17. Rad1 Nf6 18. Nxf6+ Bxf6 19. Bh7 Rh8 20. Qxh6 Be7 (20... Qe7 21. Bc5 $1
Rxh7 $8 22. Rd8+ $3 Qxd8 23. Qf8+ Kd7 24. Rd1+ Kc7 25. Rxd8 Bxd8 26. Qd6#) 21.
Qg7 Rf8 22. Rd3 $1 {/\23.Rfd1->} Bd7 23. Bxg5 {+/-/+-Kasparov,G-Kamsky,G/
Linares/1994/}) 11. Qe2 (11. Qh4 {Blatny,P} Ke7 $5 12. Ne5 Bxe5 13. dxe5 Qa5+
14. c3 Qxe5+ 15. Be3 b6 16. O-O-O g5 17. Qa4 c5 18. Rhe1 Bd7 19. Qa3 Rhd8 $15 {
Kamsky,G-Karpov,A Dortmund 1993}) 11... b6 12. Bd2 Bb7 13. O-O-O Qc7 14. Ne5 $5
{This continuation is not played very often. More often you see 14.Kb1 Rd8,
which I don t like for White at all . My move is leading forced to a very
strange position.} (14. Rhe1 {Blatny,P} O-O-O 15. Ba6 b5 16. Bxb7+ Kxb7 17. Kb1
Ka8 18. Bc1 (18. Rc1 $5) 18... Qb7 19. Nd2 Bb4 20. c3 Bd6 21. Nb3 Nd5 {
Chandler,M-Adams,M/Blackpool zt/1990/}) (14. Kb1 $5 {Blatny,P} O-O-O (14... Rd8
$5) 15. Ba6 b5 $6 16. Bxb7+ Kxb7 17. Rc1 $1 Rb8 18. c4 bxc4 19. Qxc4 Rhc8 20.
Bb4 $1 Bxb4 21. Qxb4+ Ka8 22. Qa3 $16 {Benjamin,J-Thorsteins,K/ Saint Martin
op/1993/}) 14... c5 $1 {A forced novelty by Karpov and Epishin. But already in
my preparation I was considering this move only. After 14...0-0-0 15.f4 Kb8 16.
Rhe1 White has a good position.} (14... O-O-O {Blatny,P} 15. f4 (15. Rhe1 Kb8
16. Kb1 Rhe8 17. f3 Nd5 18. a3 f6 19. c4 $5 fxe5 20. dxe5 Bf8 21. cxd5 exd5 22.
f4 c5 $132 {Gelfand,B-Adams,M/Sydney/1988/}) 15... c5 (15... Kb8 16. Rhe1 $14)
16. dxc5 Bxc5 17. Kb1 Kb8 18. Rhe1 h5 $6 19. h3 h4 20. Ba6 Bxa6 (20... Ba8 $5)
21. Qxa6 Bf2 $2 (21... Rc8 $142 {/\Rhd8+/=/+/-}) 22. Rf1 Bg3 23. Qa4 $1 {><c6}
Rc8 24. Bb4 Nd5 $8 25. c4 $1 Bxf4 (25... Nxb4 26. Rd7 $18) 26. Nd7+ Kb7 27.
cxd5 $18 {De Firmian,N-Spiridonov,N/Lugano op/1989/}) 15. Bb5+ Ke7 {Diesen
verblüffenden Königszug scheint Karpov mit Vorliebe in Dortmund zu spielen;
1993 spielte er gegen Kamski - ebenfalls Caro-Kann eröffnet - schon einmal Ke7
im frühen Mittelspiel.} 16. dxc5 {Originally I intended to play 16.Bf4, but
after 16...Rhd8 17.Rhe1 Bd5 Black has a very good position. He is protecting
all and can make progress on the queens-wing. Maybe the whole variation is not
as good as it s looking..} (16. Bf4 {Blatny,P} Rhd8 17. Rhe1 Bd5 {[+]}) 16...
Qxc5 {In this position is a trap- of course not for Karpov- which is very nice:
16...Bxe5 17.cxb6 Qc5 18.Qxe5! Qxe5 19.Bb4 and White is winning.} (16... Bxe5
$2 {Blatny,P} 17. cxb6 Bxb2+ (17... Qc5 18. Qxe5 $1 Qxe5 19. Bb4+ $18) 18. Kxb2
Qc5 19. a3 $1 (19. Qc4 Qxc4 20. Bxc4 Nd5) 19... Nd5 $8 20. c4 axb6 21. Qd3 $18)
17. Bc3 {Interesting is also 17.Bc6 with the idea of 17...Bxc6 18.Bb4. But
Black has 18...Qxe5! 19.Qxe5(19.Bxd6 Qxd6 20.Rxd6 Kxd6 is better for Black too)
19...Bxb4 20.Qc7 Bd7 with three pieces for the queen.} (17. Bc6 {Von Gleich
findet Fritz beim ersten hingucken ganz prima.} Bxc6 (17... Qxe5 $2 18. Qxe5
Bxe5 19. Bb4+ $18) (17... Rac8 18. Be3 Qxe5 19. Bxb7 Rc7 (19... Ba3 $1 20. bxa3
(20. Rd4 Bc5 21. Ra4 Rc7 22. Rxa7 b5) 20... Qa1+ 21. Kd2 Rxc2+ 22. Kxc2 Qxa2+
$19 23. Kd3) 20. Ba6 Bc5 21. Bxc5+ Qxc5 {Karpov, mit sehr angenehmer Stellung
für Schwarz.}) 18. Bb4 Qxe5 (18... Qxb4 $2 19. Nxc6+) 19. Qxe5 (19. Bxd6+ Qxd6
20. Rxd6 Kxd6 $17 {_|_}) 19... Bxb4 20. a3 (20. Qc7+ {Blatny,P} Bd7 $13) 20...
Bc5 21. b4 {reingelegt}) 17... Rhd8 18. Bd4 Qc7 19. Rhe1 Kf8 {Moving his king
from the "dangerzone".} (19... Bc5 $5 {Von Gleich} 20. Nxf7 Kxf7 21. Qxe6+ Kf8
22. Bxf6 Qf4+) 20. c3 {In this position they agreed on a draw in
Morovic-Epishin, New York. After the game I thought that it could be only
black, who had the better position.} a6 $1 {This is stronger than 20...Bc5 21.
Bxc5 Qxc5 22.f4 with a balanced position.} (20... Bc5 {Blatny,P} 21. Bxc5+ Qxc5
22. f4 $10) (20... Bxg2 {Blatny,P} 21. Ng4 $40) 21. Bd3 b5 {In the post mortem
Karpow told me, that he should have played 21...Bc5! with a clearly superior
position; e.g. 22.Bxc5 Qxc5 23.f3 b5 24.Qe3 Rac8. I agree on his verdict.} (
21... Bc5 $142 {Blatny,P} 22. Bxc5+ Qxc5 23. f3 (23. Nxf7 $2 Kxf7 24. Qxe6+ Kf8
25. Bg6 $4 Qg5+ $19) (23. f4 $5) 23... b5 24. Qe3 Rac8 {=/=/+}) 22. Kb1 b4 {
Now 22...Bc5 was impossible due to 23.Nxf7! and White is going to win the game.
} (22... Bc5 {Blatny,P} 23. Nxf7 $1 Kxf7 (23... Bxd4 24. Nxd8 $18) 24. Qxe6+
Kf8 25. Bxf6 gxf6 26. Qxf6+ Kg8 27. Qxh6 $18) 23. Nc4 {After 23.c4 Bc5 Black
has the superior position.} (23. c4 {Blatny,P} Bc5 $17) 23... Bc5 {The
exchange-sacrifice 23...Be7 is not good because of 24.Bb6 Qxh2 25.Bxd8 Rxd8 26.
cxb4 Qxg2 27.Rg1 Qh2 28.Na5! with advantage for me.} (23... Be7 $5 {Von Gleich
war ein interessantes Qualitätsopfer, vorgeschlagen von Karpow, das ihm in der
Analyse aber vor allem Probleme brachte, die fällige Kompensation nachzuweisen.
} 24. Bb6 Qxh2 25. Bxd8 Rxd8 26. cxb4 Bxb4 (26... Qxg2 27. Rg1 Qh2 28. Na5 (28.
a3 $2 Rxd3 $1 $19)) 27. Bc2 $1 Rb8 28. Rg1 Bd5 29. Bb3 a5 30. Qe5 Qxe5 31. Nxe5
$16) 24. Bxc5+ {I didn t want to give my bishop for the knight after 24.Bxf6
gxf625.Qh5 Bd5! 26.Qxh6 Ke7. Here I don t have any attacking possibilities and
he will wipe me off the board with his pair of bishops.} (24. Bxf6 {Von Gleich}
gxf6 25. Qh5 Bd5 (25... Bxf2 26. Qxh6+ Ke7 27. Rxe6+ (27. Re2 Rxd3 28. Rxd3
Qxc4)) (25... bxc3 26. Qxh6+ Ke7 27. Rxe6+ Kxe6 28. Qh3+ $40) (25... Bd5 $5 {
Blatny,P} 26. Qxh6+ Ke7 $132 {^^})) 24... Qxc5 25. cxb4 Qxb4 26. a3 Qc5 27. f3
a5 $6 {Much better was 27...Rd4! 28.Rc1 Rad8 29.Red1 Nd5 and the black pieces
are much more active.} (27... Rd4 {Von Gleich} 28. Rc1 Rad8 29. Ne5 (29. Red1
$1 Qh5 $6 (29... Nd5 30. g3 a5 31. f4 Nf6 {Karpov: Nachdem der Königsflügel
gelockert wurde, kann der N zurückkehren.} 32. Ne5 Qb6 33. Qc2 (33. Bc2 Ne4 34.
Qe3 R8d6 35. Rxd4 Qxd4 36. Re1 Nd2+ 37. Kc1 f6 38. Qxd4 Rxd4 39. Ng6+ Kf7 $17)
(33. Qe3) 33... Nd7) 30. Ne5 Nd5 31. g3 $14 {Qh5 steht abseits.}) 29... Qd6 30.
Red1 Nd5 (30... Nd7 31. Nxd7+ Rxd7) (30... Be4 31. fxe4 Qxe5 $17) 31. g3 a5 32.
f4 a4 33. Qh5 Qe7 34. Bc4 Ne3 35. Rxd4 Rxd4 36. Bb5) 28. Rc1 Rd4 (28... Ba6 {
Von Gleich} 29. Ne5 Bxd3+ 30. Qxd3 $1) (28... Bd5 {Von Gleich}) 29. Ne5 Qd6 30.
Qc2 $1 {This strong move helps me to balance the position.} Nd7 $1 (30... Rc8
31. Qxc8+ $1 Bxc8 32. Rxc8+ Ke7 (32... Ne8 $2 33. Bb5 Rd1+ 34. Ka2 $1 Qd5+ 35.
Nc4 $18 (35. Nc4 {Blatny,P} Qxb5 $8 36. Rxd1 Ke7 $16)) 33. Nc6+ Kd7 34. Rd8+
Kxc6 35. Rxd6+ $10 (35. Rxd6+ {Von Gleich} Kxd6 $10)) (30... Nd5 {Von Gleich}
31. Bf1 Kg8 32. Qc5 Qxc5 33. Rxc5 $10) 31. Nxd7+ Qxd7 32. Qc5+ Kg8 33. Bb5 Qd8
(33... Qd5 {Blatny,P} 34. Qxd5 Bxd5 (34... Rxd5 35. Bc6 Bxc6 36. Rxc6 $10) 35.
Bc6 $10 {_|_}) 34. Qc7 Bd5 $1 {The only move to fight for an advantage.} 35.
Qxd8+ Rxd8 36. Rc3 $1 (36. Re3 Rd2 37. Re2 (37. Rc2 Ba2+ $1 $19) 37... Bb3 $17)
36... a4 $6 {This makes my task easier. After 36...g5! I had to play
accurately to reach a draw.} (36... g5 {Von Gleich} 37. Rec1 (37. Bc6 $1 Bxc6 (
37... Bc4 38. Be4 Kg7 39. b3 Bd5 40. Bxd5 R8xd5 41. Kb2 $15)) 37... Kg7) (36...
f5 {Von Gleich} 37. Rec1 Kf7 38. Bc4 Kf6 39. Bxd5 R8xd5 40. Rc4 a4 41. Ka2 (41.
Rxd4 Rxd4 42. Kc2 g5 43. b4 $1 $10) 41... e5 42. b4 e4 43. fxe4 fxe4 44. Rxd4
Rxd4) 37. Rec1 f5 (37... Bb3 {Von Gleich} 38. Bc4 Bd1 {mit der Idee, von Rc2
unbedrängt mit Rd2 in die weiße Stellung einzudringen.}) 38. Bc4 Kf7 (38...
Bxc4 {Blatny,P} 39. Rxc4 Kf7 (39... e5 $5) 40. R1c3 $10) 39. b4 axb3 40. Bxd5
R8xd5 41. Rxb3 {The Worldchampion is trying everything to win the position,
but I discovered the easiest way to the draw.} Kf6 (41... Rd2 {Blatny,P} 42.
Rc2) 42. Kb2 e5 43. Rb4 $1 {Of course White has to exchange rooks.} e4 (43...
Rd2+ {Blatny,P} 44. Rc2 $10) 44. fxe4 fxe4 45. Rxd4 Rxd4 46. Kc2 Ke5 (46...
Rc4+ {Blatny,P} 47. Kd1 (47. Kb2) (47. Kd2 $4 e3+ 48. Kd1 e2+ $19) 47... Ra4
48. Ra1 $10) 47. Rd1 Ra4 48. Ra1 g5 (48... Kd4 {Blatny,P} 49. Kd2 e3+ 50. Ke2
Ke4 51. Rb1 $1 (51. Ra2 Ra7 $2 (51... g5 $1 52. Ra1 Ra7 $5 53. a4 (53. Ra2 $2
Rf7 54. Ke1 Kd3 55. a4 Rb7 $1 56. Ra3+ $8 Ke4 57. a5 (57. Ra1 Rb2 58. Kf1 Rf2+
59. Kg1 Rf6 60. a5 e2 {-/+/-+ _|_})) 53... Rf7 $1 54. Rf1 $8 Rb7 $1 55. Rf6 $1
$8 (55. Ra1 Rb2+ (55... Rf7 $10) 56. Kf1 Rf2+ 57. Kg1 Rf6 58. a5 e2 {-/+/-+ _|_
}) 55... Rb2+ 56. Kf1 h5 57. Rf7 Kd3 58. Rd7+ Kc3 59. Rc7+ Kd2 60. Rd7+ Kc1 61.
Rd3 $1 Rf2+ (61... e2+ 62. Ke1 $14) 62. Kg1 Re2 63. Kf1 $8 Rf2+ $8 64. Kg1 Re2
$10) 52. a4 Rf7 53. Ke1 $1 {/\a5+/=/+/-}) 51... Rxa3 52. Rb4+ {/\Kf3=_|_}) 49.
Kd2 Kd4 50. Ke2 h5 (50... e3 $2 {Blatny,P} 51. Rd1+ {/\Rd3+/- _|_}) 51. h3 h4
52. Ra2 Kd5 (52... Kc4 {Blatny,P} 53. Ke3 Kb3 $2 (53... Kd5 $10) 54. Rf2 Kxa3
55. Rf5 {+/=/+/- _|_}) 53. Ke3 Ke5 54. Ra1 Kd5 55. Rd1+ Ke5 56. Ra1 {After
this big fight we agreed on a draw.} 1/2-1/2

[Event "Olympiad-32"]
[Site "Yerevan"]
[Date "1996.10.01"]
[Round "14.3"]
[White "Almasi, Zoltan"]
[Black "Speelman, Jonathan S"]
[Result "1/2-1/2"]
[WhiteElo "2655"]
[BlackElo "2625"]
[Annotator "Lempert,I"]
[PlyCount "81"]
[EventDate "1996.09.15"]
[EventType "team-swiss"]
[EventRounds "14"]
[EventCountry "ARM"]
[SourceTitle "CBM 055"]
[Source "ChessBase"]
[SourceDate "1996.12.01"]
[SourceVersion "1"]
[SourceVersionDate "1996.12.01"]
[SourceQuality "1"]
[WhiteTeam "Hungary"]
[BlackTeam "England"]
[WhiteTeamCountry "HUN"]
[BlackTeamCountry "ENG"]

1. e4 c6 2. d4 d5 3. Nc3 dxe4 4. Nxe4 Nd7 5. Ng5 Ngf6 6. Bd3 e6 7. N1f3 Bd6 8.
Qe2 h6 9. Ne4 Nxe4 10. Qxe4 Qc7 (10... Nf6 11. Qe2 Qc7 12. Bd2 b6 13. O-O-O Bb7
$14) 11. Qg4 Kf8 (11... g5 12. Qh3 Rg8 13. Nd2 $1 $14 {Kasparov,G-Kamsky,G/
Linares/1994/}) 12. O-O c5 13. c3 (13. b3 e5 14. dxc5 Nxc5 15. Bf5 h5 16. Qh3
Ne6 $13 {Gelfand,B-Speelman,J/Munich/1992/}) 13... b6 14. Qh4 Bb7 15. Be4 Bxe4
16. Qxe4 Rd8 17. Re1 $14 Nf6 18. Qh4 Ke7 19. Qh3 g5 20. dxc5 bxc5 21. Nd2 h5
22. Nc4 Bf4 23. g3 $6 (23. Bxf4 gxf4 (23... Qxf4 24. Ne5 $14) 24. Ne5 $14)
23... Bxc1 24. Raxc1 h4 25. Ne5 g4 $1 26. Qg2 Rd5 $6 (26... Rd6 $13 27. Rcd1)
27. Nxg4 hxg3 28. hxg3 Rdh5 29. Nxf6 Kxf6 30. Rc2 Qd8 31. Rce2 (31. Qe4 $5)
31... Kg7 32. Re4 Qd2 33. Rg4+ Kf6 34. Qf3+ Rf5 35. Qe2 Qd5 36. Qe4 Qd2 $10 37.
Qe3 Qd5 38. Qe4 Qd2 39. Rf4 Rxf4 40. gxf4 Rh5 41. Kg2 1/2-1/2

[Event "Mermaid Beach Club m"]
[Site "Bermuda"]
[Date "1999.01.24"]
[Round "4"]
[White "Adams, Michael"]
[Black "Seirawan, Yasser"]
[Result "0-1"]
[WhiteElo "2715"]
[BlackElo "2640"]
[Annotator "Lukacs,P"]
[PlyCount "84"]
[EventDate "1999.01.21"]
[EventType "match"]
[EventRounds "10"]
[EventCountry "BER"]
[SourceTitle "CBM 069"]
[Source "ChessBase"]
[SourceDate "1999.04.01"]
[SourceVersion "1"]
[SourceVersionDate "1999.04.01"]
[SourceQuality "1"]

1. e4 c6 2. d4 d5 3. Nd2 dxe4 4. Nxe4 Nd7 5. Bc4 Ngf6 6. Ng5 e6 7. Qe2 Nb6 8.
Bb3 h6 9. N5f3 a5 10. c3 c5 11. dxc5 (11. a3 {Is the other main line covering
b4 and preparing Ba2 in case.} Qc7 12. Nh3 (12. Ne5 {Kasparov-Karpov, Linares
1994 CBM 40}) 12... Bd7 13. O-O Bd6 {Short-Gulko, PCA 1994 CBM 42} (13... cxd4
{Short-Gulko, PCA 1994 CBM 42})) (11. Bf4 $5 {is a provokative move in order
to threaten with c3-c4 the N on d5.} a4 12. Bc2 Nbd5 13. Bd2 Qc7 14. a3 (14.
dxc5 Bxc5 15. a3 Bd7 16. Nh3 Bd6 17. Nd4 O-O $13 {Robovic-Spiridonov, Paris op
1994}) 14... Bd7 15. g3 $5 cxd4 (15... Bd6) 16. Nxd4 Bc5 17. Ngf3 {White (or
Black?!) has solved the problems of the knights, this is the ideal position
for them.} Qb6 18. O-O-O O-O 19. Qd3 Rfd8 20. g4 {This is the typical -> on
the >>, while Black cannot do much on the <<.} Bc6 21. g5 hxg5 22. Bxg5 Bxd4
23. Nxd4 e5 24. Rhg1 $1 {White has got an irresistable ->.} exd4 25. Bh6 dxc3 (
25... g6 26. Rxg6+ $1) 26. bxc3 Nf4 27. Rxg7+ Kf8 28. Rg6+ $1 Ke7 29. Re1+ Ne6
30. Rxe6+ $1 $18 {Thorhallsson-Salo, Poltiken Cup 1997}) 11... Bxc5 12. Ne5 O-O
13. Ngf3 {White has solved the problem of his knights.} Nbd7 {Black has to
exchange the N on e5.} (13... Nbd5 {leaves the strong centralized N unattended,
while the black N on d5 is not that dangerous.} 14. Bc2 b6 15. a3 Ba6 16. c4
Qc7 17. O-O Rac8 18. Bd2 Bd6 19. Bd3 Ne7 20. Bc3 $14 {and White's pieces look
very harmoniously.}) 14. O-O Nxe5 (14... a4 {drives the B to the right /^.} 15.
Bc2 Qc7 16. Bf4 Nh5 $1 (16... Bd6 17. Rad1 Nh5 18. Qd3 Ndf6 19. Qxd6 Qxd6 20.
Rxd6 Nxf4 21. a3 {Now the weakness on a4 is unpleasant in the _|_.} N4d5 22. c4
Nc7 23. Rfd1 $16 {A.Rodriguez-Ramirez, Bogota 1992}) 17. Bd2 Bd6 18. Rfe1 Nxe5
19. Nxe5 Bxe5 20. Qxe5 Qxe5 21. Rxe5 {After the mass exchanges White has got
the ^^, and good chances on the <<.} Nf6 22. c4 $14 {A.Rodriguez-Becerra,
CUB-ch Las Tanas 1996}) 15. Nxe5 b6 {/\ Bb7} 16. Qf3 Qc7 17. Ng4 (17. Qxa8 $6
Bb7 {captures the Q.}) 17... Nxg4 18. Qxg4 f5 $5 (18... e5 {was also possible,
because Black can neutralize White's activity on the >>.} 19. Qg3 Kh8 20. Re1
Bd6 21. Qh4 Kh7 $1 {Black has to play carefully, for example:} (21... f5 $4 22.
Bxh6 $1 $18) (21... Be7 $2 22. Qh5 $16) 22. Bd5 (22. Qe4+ $6 f5 23. Qxa8 {
is again met by} Bb7) 22... Ra7 $13) 19. Qf3 Bd6 (19... f4 $2 {is a
miscalculation:} 20. Bxf4 $1 Rxf4 21. Qxa8 Kh7 22. Bc2+ g6 23. Rad1 Bb7 24. Qd8
$18) 20. Qxa8 $5 {This idea is usually bad in this type of position.} (20. Re1
$142 {was the correct answer neglecting the threat on h2, but attacking the
important ><e6.} Bxh2+ 21. Kh1 Rb8 (21... Bb7 $2 {is out of question here:} 22.
Qh5 Bf4 23. Rxe6 Kh8 24. Bxf4 Qxf4 25. Rxb6 Be4 (25... Qe4 $4 26. Rxh6+ $18)
26. f3 $18) (21... Bd6 $6 {is not advisable as well:} 22. Qxa8 Bb7 23. Bxe6+
Kh8 24. Qxf8+ Bxf8 25. Bxf5 $16) 22. g3 (22. Bxe6+ Bxe6 23. Rxe6 Qc4 $1 {/\ Qh4
}) (22. Rxe6 Bxe6 23. Bxe6+ Kh8 24. g3 Qe5 25. Bb3 f4 $1 26. Bxf4 Rxf4 27. Qxf4
Qxf4 28. gxf4 Bxf4 $11) 22... Bb7 23. Bxe6+ Kh8 24. Bd5 Bxd5 25. Qxd5 Bxg3 26.
fxg3 Qxg3 27. Qe5 Qf3+ 28. Kg1 Qg4+ 29. Kf2 {with immense complications, for
example:} f4 $1 (29... Rbe8 $2 30. Qf4 (30. Qxe8 $2 Qh4+ $11) 30... Qh3 31.
Rxe8 Rxe8 32. Be3 $18) 30. Rg1 (30. Rh1 $2 Qg3+ 31. Kf1 Qf3+ 32. Kg1 Rbe8 $1
33. Rxh6+ Kg8 $19) 30... Qh4+ 31. Kf1 Qh3+ 32. Rg2 Qh1+ 33. Kf2 Qh4+ 34. Kg1
Rb7 $13) 20... Bb7 21. Bxe6+ Kh8 22. Qxf8+ {White has to take the R.} ({
Inferior is} 22. Qa7 $2 Bxh2+ (22... Qc6 23. f3 Bb8 $17) 23. Kh1 Bxg2+ 24. Kxg2
Qxa7 25. Kxh2 Qe7 26. Bb3 Qh4+ 27. Kg1 Qg4+ 28. Kh2 f4 $1 29. Rg1 Qh4+ 30. Kg2
f3+ 31. Kf1 Qh3+ 32. Ke1 Qg2 $1 $19) 22... Bxf8 23. c4 $1 (23. Bxf5 {leaves
the vital /^ h1-a8 in Black's hand, after which the -> cannot be repelled.} Qe5
$1 24. Bh3 (24. Bc2 Bd6 25. g3 Qe6 26. Be3 Qh3 27. f3 Bxg3 $1 $19) 24... Bd6
25. g3 Qd5 26. f3 Bc5+ 27. Kh1 (27. Kg2 Qd3) 27... Ba6 28. Bf4 (28. Re1 Be2 $1
29. Bg2 Bf2 $1) 28... Bxf1 29. Bxf1 (29. Rxf1 Qxa2) 29... Qxf3+ 30. Bg2 Qf2 $19
) 23... Qe5 24. Bd5 {Now White can exchange the strong B on the long /^.} Bxd5
25. cxd5 f4 $1 (25... Qxd5 {allows White to finish development:} 26. Bf4 $11)
26. Bd2 f3 $8 27. Rfe1 $4 {After this blunder White's position is hopeless.} (
27. gxf3 {White has to eliminate the mating threats.} Qxd5 28. Be3 Qxf3 29.
Rfe1 (29. Bxb6 Bd6) 29... Bd6 $15) 27... Qd4 $1 $19 {/\ Qg4} 28. g3 (28. Bc3
Qg4 29. g3 Qh3 $19) (28. Re8 Kg8) 28... Qxd2 {and the rest is easy.} 29. Rad1
Qb4 30. a3 Qa4 31. Rd3 Bc5 32. Rxf3 Qd4 33. b4 axb4 34. Rf4 Qd2 35. Re8+ Kh7
36. axb4 Bd6 37. Rf5 Qd3 38. Rf7 Qg6 39. Re6 Qxf7 40. Rxd6 b5 41. h4 Qe7 42.
Rb6 Qe1+ 0-1